Language Quiz

Random Language or Quote Quiz
Score 0/20 Timer 06:00
1 Play Today
Quote in Latin Speaker/Author % Correct
Alea iacta est.Julius Caesar
83.4%
O tempora, o mores!Cicero
47.4%
In hoc signo vinces.Constantine the Great
40.8%
Carthago delenda est.Cato the Elder
32.2%
Sed mulier cupido quod dicit amanti in vente et rapida scribere oportet aqua.Catullus
20.7%
Cum dilectione hominum et odio vitiorum.Saint Augustine
17.3%
Audentes fortuna iuvat.Vergil
17.2%
Festina lente.Augustus
13.4%
Sed quis custodiet ipsos custodes?Juvenal
11.5%
Tempus edax rerum.Ovid
10.8%
Quote in Latin Speaker/Author % Correct
Idque apud imperitos humanitas vocabatur, cum pars servitutis esset.Tacitus
9.5%
Nil sine magno vita labore dedit mortalibus.Horace
9.1%
Cum grano salis.Pliny the Elder
8.1%
Potius sero quam numquam.Livy
8%
Vivamus, moriendum est.Seneca the Elder
7.6%
Homo sum: humani nil a me alienum puto.Terence
6.1%
Quem di diligunt adulescens moritur.Plautus
3.9%
Noli equi dentes inspicere donati.Saint Jerome
3%
Litterae thesaurum est.Petronius
2.5%
Fortuna cum blanditur, captatum venit.Publius Syrus
2.4%
Remove Ads.
Support Sporcle.
Get the best of Sporcle when you Go Orange. This ad-free experience offers more features, more stats, and more fun while also helping to support Sporcle. Thank you for becoming a member.

You're not logged in!

Compare scores with friends on all Sporcle quizzes.
OR
Log In

Show Comments

Extras

Top Quizzes Today


Score Distribution

Your Account Isn't Verified!

In order to create a playlist on Sporcle, you need to verify the email address you used during registration. Go to your Sporcle Settings to finish the process.

Report this User

Report this user for behavior that violates our Community Guidelines.

Details: